| 000 | 00947nam a2200289 a 4500 | ||
|---|---|---|---|
| 001 | 41903 | ||
| 003 | BD-RjUL | ||
| 005 | 20211209053452.0 | ||
| 008 | 160607s1948 nyu 000 0 eng | ||
| 035 | _a(BD-RjUL) 42021 | ||
| 035 | _a(OCoLC)1452315 | ||
| 040 |
_aDLC _cFJ _dDLC _dBD-RjUL _beng |
||
| 041 | _aeng | ||
| 082 |
_a325.73 _223 _bSII 1948 |
||
| 100 | 1 |
_aSilving, Helen. _9128765 |
|
| 245 | 0 | 0 |
_aImmigration laws of the United States / _cHelen Silving |
| 260 |
_aNew York : _bOceana Publications, _cc1948 |
||
| 300 |
_a84 p. ; _c19 cm. |
||
| 490 |
_aLegal almanac series ; _vno. 5. |
||
| 650 |
_aEmigration and immigration law -- United States _9128766 |
||
| 650 |
_aEmigration and immigration law _9128767 |
||
| 651 |
_aUnited States _9128768 |
||
| 830 |
_aLegal almanac series ; _vno. 5. _9128769 |
||
| 856 | 4 | 1 |
_3Table of contents only _uhttp://www.loc.gov/catdir/toc/fy0709/48004159.html |
| 942 |
_2ddc _cBK |
||
| 999 |
_c41903 _d41903 |
||